LEADER 01053cam0-22002771i-450- 001 990001633200403321 005 20160331093228.0 035 $a000163320 035 $aFED01000163320 035 $a(Aleph)000163320FED01 035 $a000163320 100 $a20030910d1882----km-y0itay50------ba 101 0 $afre 200 1 $aAnatomie et physiologie vegetales rédigées conformément aux programmes officiels du 2 août 1880 pour l'enseignement de la botanique dans la classe de philosophie$fpar H. Baillon 210 $aParis$cLibrairie Hachette$d1882 215 $a300 p.$d23 cm 610 0 $aFisiologia vegetale 676 $a581.4$v19$zita 700 1$aBaillon,$bHenri Ernest$f<1827-1895>$069921 801 0$aIT$bUNINA$gREICAT$2UNIMARC 901 $aBK 912 $a990001633200403321 952 $a60 581 B 5$b3059$fFAGBC 959 $aFAGBC 996 $aAnatomie et physiologie vegetales rédigées conformément aux programmes officiels du 2 août 1880 pour l'enseignement de la botanique dans la classe de philosophie$9367189 997 $aUNINA LEADER 01126nam1-2200325---450 001 990000280210203316 005 20201005091536.0 010 $a88-7988-040-3 035 $a0028021 035 $aUSA010028021 035 $a(ALEPH)000028021USA01 035 $a0028021 100 $a20001023d1994----y0itay01-ba------ba 101 $aita 102 $aIT 105 $aaf||||||001yy 200 1 $aTesto e immagine nell'alto Medioevo$esettimane di studio del Centro italiano di studi sull'alto Medioevo, 41.$e15-21 aprile 1993 210 $aSpoleto$cPresso la sede del Centro$d1994 215 $a2 volumi$cill.$d22 cm 606 $aImmagini sacre$zSec. 8.-11. 606 $aManoscritti miniati$zSec. 8.-11. 676 $a091$v20 710 02$aCentro italiano di studi sull'alto Medioevo$0172535 912 $a990000280210203316 951 $aX.1.B. 471/41.1(XI B ATTI CONT.1/41.1)$b154980 L.M.$cXI B ATTI CONT.1/$d00007189 951 $aX.1.B. 471/41.2(XI B ATTI CONT.1/41.2)$b154991 L.M.$cXI B ATTI CONT.$d00007181 959 $aBK 969 $aUMA 996 $aTesto e immagine nell'alto Medioevo$9641810 997 $aUNISA